<?xml version="1.0" encoding="UTF-8"?><?xml-stylesheet type="text/xsl" href="static/style.xsl"?><OAI-PMH xmlns="http://www.openarchives.org/OAI/2.0/" xmlns:xsi="http://www.w3.org/2001/XMLSchema-instance" xsi:schemaLocation="http://www.openarchives.org/OAI/2.0/ http://www.openarchives.org/OAI/2.0/OAI-PMH.xsd"><responseDate>2026-04-27T12:42:49Z</responseDate><request verb="GetRecord" identifier="oai:uvadoc.uva.es:10324/6052" metadataPrefix="marc">https://uvadoc.uva.es/oai/request</request><GetRecord><record><header><identifier>oai:uvadoc.uva.es:10324/6052</identifier><datestamp>2021-12-03T09:03:25Z</datestamp><setSpec>com_10324_38</setSpec><setSpec>col_10324_852</setSpec></header><metadata><record xmlns="http://www.loc.gov/MARC21/slim" xmlns:doc="http://www.lyncode.com/xoai" xmlns:xsi="http://www.w3.org/2001/XMLSchema-instance" xmlns:dcterms="http://purl.org/dc/terms/" xsi:schemaLocation="http://www.loc.gov/MARC21/slim http://www.loc.gov/standards/marcxml/schema/MARC21slim.xsd">
<leader>00925njm 22002777a 4500</leader>
<datafield tag="042" ind1=" " ind2=" ">
<subfield code="a">dc</subfield>
</datafield>
<datafield tag="720" ind1=" " ind2=" ">
<subfield code="a">Núñez Serrano, Jacobo</subfield>
<subfield code="e">author</subfield>
</datafield>
<datafield tag="260" ind1=" " ind2=" ">
<subfield code="c">2014</subfield>
</datafield>
<datafield tag="520" ind1=" " ind2=" ">
<subfield code="a">Las Denominaciones de Origen surgieron en nuestro país precisamente como una medida de política agraria, de forma que, por un lado, transformara la producción e incrementara la calidad del producto y, por otro, se protegiera el mercado ante posibles abusos o usos indebidos de estos nombres que inicialmente indicaban procedencia.&#xd;
El objetivo de este estudio es tratar de evaluar la medida en que los consumidores están dispuestos a pagar una cantidad adicional, de forma que se compruebe la efectividad de estas políticas y, por tanto, la consideración de marca que ha alcanzado la denominación de origen. Se realizará a través del método hedónico de precios, que supone que todo producto puede descomponerse en una serie de atributos.</subfield>
</datafield>
<datafield tag="024" ind2=" " ind1="8">
<subfield code="a">http://uvadoc.uva.es/handle/10324/6052</subfield>
</datafield>
<datafield ind1=" " ind2=" " tag="653">
<subfield code="a">Denominaciones de origen - España</subfield>
</datafield>
<datafield ind1=" " ind2=" " tag="653">
<subfield code="a">Vinos y vinificación - Comercio</subfield>
</datafield>
<datafield tag="245" ind1="0" ind2="0">
<subfield code="a">Creación de valor a través de denominación de origen en el caso del vino de España. Una aplicación hedónica</subfield>
</datafield>
</record></metadata></record></GetRecord></OAI-PMH>